01008nas a2200277Ia 4500001001600000003001000016008004100026040002500067041001300092100002000105210001800125222001800143245008300161250001100244260000900255501012300264300001400387362003200401500003800433650002400471700001100495942000700506957000600513999003300519952017800552A07/R090-46353 IT-MiCISF161014c99999999xx |||||||||||| ||und|| aIT-MiCISFcIT-MiCISF aITALIANO aBresciani Carlo aTredimensioni aTredimensioni 0aPer un approccio pastorale alle persone omosessuali (I): principi fondamentali a1a ed. c2009 bCISF - Centro Internazionale Studi Famiglia - Via Giotto, 36 20145 MILANO (non commercial uses only)cCopyright 2016 app. 24-30 an. 1, gennaio-aprile [2009] a Tema: pastorale, omosessualità€ aPASTORALEvarticolo aAA.VV. cCR 71 a46353bSig1c225593d225593 0010406A_07_000000000000000_R0904635371aCISFbCISFd2016-10-14l0oA07/R090-46353 r2016-10-14 00:00:00w2016-10-14yCRzData import 15.10.2016 / by Epidotti, Vaglietti